| 000 | 00384nam a2200121Ia 4500 | ||
|---|---|---|---|
| 008 | 220620s9999||||xx |||||||||||||| ||und|| | ||
| 245 | 0 |
_aPrimary Care at a Glance _bHot Topics and New Insights |
|
| 546 | _aEnglish[eng] | ||
| 650 | _aHealth psychology | ||
| 700 | _aCapelli, Oreste | ||
| 856 | _uhttps://mts.intechopen.com/storage/books/1886/authors_book/authors_book.pdf | ||
| 942 | _cEB | ||
| 999 |
_c23422 _d23422 |
||